[Event "EU-chT (Men) 14th"]
[Site "Plovdiv"]
[Date "2003.10.11"]
[Round "1.2"]
[White "Kurajica, Bojan"]
[Black "Vallejo Pons, Francisco"]
[Result "1/2-1/2"]
[WhiteElo "2557"]
[BlackElo "2662"]
[Annotator "Stohl,I"]
[PlyCount "109"]
[EventDate "2003.10.10"]
[EventType "team-swiss"]
[EventRounds "9"]
[EventCountry "BUL"]
[SourceTitle "CBM 098"]
[Source "ChessBase"]
[SourceDate "2004.02.03"]
[SourceVersion "1"]
[SourceVersionDate "2004.02.03"]
[SourceQuality "1"]
[WhiteTeam "Bosnia&Herzegovina"]
[BlackTeam "Spain"]
[WhiteTeamCountry "BIH"]
[BlackTeamCountry "ESP"]

1. d4 g6 2. Nf3 Bg7 3. g3 c5 4. dxc5 (4. d5 {is the most principled move, with
possible transpositions into a Fianchetto King's Indian or Benoni.}) (4. c3 Qa5
$5 5. e3 Nf6 6. Bg2 O-O 7. O-O d6 8. Re1 Qc7 9. e4 e5 10. Na3 a6 11. dxe5 dxe5
12. Nc4 Rd8 13. Qb3 b5 $5 14. Ncxe5 c4 15. Qc2 Nh5 16. g4 Bxe5 17. gxh5 Nc6 18.
Bg5 Rd3 19. hxg6 Bg4 20. Nxe5 Nxe5 21. gxh7+ Kxh7 22. f4 f6 $44 {Khachian,
M-Minasian,A/Los Angeles/2003/}) 4... Na6 {After this game Black will start
having second thoughts about this automatic move.} ({Simpler is} 4... Qa5+ $142
5. c3 Qxc5 6. Bg2 Nf6 $11 {/~~}) 5. e4 $5 $146 {[%mdl 8]} ({The automatic} 5.
Bg2 Nxc5 6. O-O Nf6 $11 {leads only to an approximately equal position.
Kurajica takes his chance to grab central space.} (6... d5 7. c4 d4 $13)) 5...
Nxc5 6. e5 {[%csl Ge5] ()[+] This P seriously cramps Black's position, taking
away the most natural square for the Ng8 and shutting in the Bg7. It's also
not so easy to get rid off.} b6 7. Bg2 Ba6 (7... Bb7 8. O-O $14) 8. Nc3 Rc8 ({
White's remarkable idea required more energetic measures:} 8... d6 $142 $5 9.
exd6 (9. Bf4 $5 Ne6 10. Nd4 Nxf4 11. Bc6+ Kf8 12. gxf4 Rc8 $13) 9... Bxc3+ 10.
bxc3 Qxd6 (10... exd6 $5) 11. Qxd6 exd6 12. Bf4 O-O-O 13. O-O-O Nf6 $1 (13...
Ne4 14. Ng5 $14) 14. Rxd6 Rxd6 15. Bxd6 Nfe4 $44) 9. Bf4 Ne6 10. Qd2 Nxf4 11.
gxf4 Nh6 (11... d6 12. O-O-O dxe5 13. Qe3 $5 (13. Qxd8+ Rxd8 14. fxe5 $36)
13... Qc7 14. Nxe5 $32 {->}) 12. O-O-O Bb7 13. Rhg1 Rc4 (13... d6 14. exd6 Bxc3
15. d7+ $16) 14. Ng5 Bxg2 15. Rxg2 $36 {White has more () and Black has
problems with his ><d7 and activating his minor pieces.} Qc8 (15... O-O 16.
Qxd7 Qxd7 17. Rxd7 Rxf4 18. Nd5 $16) 16. Rg3 (16. Nge4 $6 Nf5 {[%csl Rg2]
leaves the Rg2 waylaid for the time being.}) 16... O-O (16... Nf5 17. Rd3 $40 {
/\} d6 18. exd6 Bxc3 (18... Nxd6 $2 19. Rxd6 exd6 20. Qxd6 $18) 19. d7+ Qxd7
20. Qxc3 $1 Rxc3 21. Rxd7 Rc8 22. Rxa7 $16) 17. b3 $6 {Weakens the <<.} (17.
Qxd7 Qxd7 18. Rxd7 Rxf4 (18... Nf5 19. Rf3 $16) 19. Nf3 (19. Nd5 Rxf2 20. Nxe7+
Kh8 $132) 19... Ng4 $5 (19... Nf5 20. Nd5 $1 Nxg3 21. Nxf4 Nf5 22. Nd3 $16) 20.
Rxe7 Rd8 $14) (17. Nd5 Nf5 18. Ra3 Qc5 $1 $13) 17... Rc6 18. Nd5 Nf5 19. Rh3 h6
20. Ne4 d6 21. exd6 (21. Ng3 Re8 $1 {/\} 22. exd6 $2 Nd4 $19) 21... exd6 22.
Ng3 (22. Rd3 $5 {[%cal Ye4g3,Yd5e3] /\Ng3,Ne3}) 22... Re8 (22... Qa6 $5 23. Kb1
(23. c4 $5 $13) 23... Re8 24. Nxf5 Re2 25. Qd3 Qxd3 26. Rhxd3 Rcxc2 27. Nxg7
Rb2+ 28. Ka1 Rxa2+ $11) 23. Nxf5 Qxf5 24. Qd3 Qd7 $6 (24... Qxd3 $142 25. Rhxd3
Re2 26. R3d2 Rxd2 27. Rxd2 Kf8 $132 {/=}) 25. Re3 $14 Rxe3 (25... Kh7 $142) 26.
fxe3 Rc5 27. e4 Qe6 28. a4 $14 {[%csl Rc1,Gd5,Rg7] /+/-,עc1 White's Nd5 is
stronger than Black's B despite the long open diagonal. However, White must
always beware of tactical tricks.} Kh7 29. Rd2 (29. c4 Rxd5 30. cxd5 Qf6 31.
Rf1 Qb2+ 32. Kd1 Qxh2 33. e5 $16 {was also possible, but White doesn't want to
allow any possible complications.}) 29... h5 30. c4 Rc8 31. Kc2 Kh8 32. Rf2 Re8
33. Re2 $1 (33. Nc7 $6 Qf6 34. Nxe8 (34. e5 $2 Rxe5 $19) 34... Qb2+ 35. Kd1
Qxf2 $36) 33... Qg4 $5 {Black desperately seeks <=>.} (33... Rc8 34. Kd2 $16)
34. h3 Qg1 35. Nc7 $1 Rd8 36. Nb5 Qa1 37. e5 d5 $2 (37... Qa2+ 38. Kd1 Qa1+ 39.
Kd2 (39. Kc2 Qa2+ $11) 39... Qb2+ (39... Bh6 40. Re4 Qb2+ 41. Kd1 $16) 40. Ke3
Qc1+ 41. Rd2 Qh1 42. Nxd6 Kg8 $5 $14 (42... Qxh3+ 43. Ke2 Qg2+ 44. Kd1 $16))
38. Nc3 $6 (38. Rd2 $16) (38. Nd6 $5 $16) 38... d4 39. Nd5 Bf8 $1 40. Qd1 Qa2+
$2 (40... d3+ 41. Qxd3 Qa2+ 42. Kd1 Qa1+ 43. Kd2 Bb4+ 44. Ke3 Bc5+ 45. Kd2 $11
(45. Ke4 $2 f5+ $1 46. exf6 Re8+ 47. Ne7 (47. Kf3 Qf1+ $19) 47... Qxf6 $19))
41. Kd3 Qa3 42. e6 $1 $16 fxe6 43. Rxe6 Rd6 44. Re8 (44. f5 $1 Rxe6 45. fxe6
$16) 44... Kg7 45. Ke4 (45. Kxd4 $5 Kf7 46. Rc8 $14) 45... Kf7 46. Re5 $2 (46.
Rc8 $142 Re6+ 47. Kd3 $36) 46... Bg7 47. Qxd4 Rd7 (47... Bxe5 48. fxe5 Rc6 49.
Nb4 $5 $40) 48. f5 (48. Qe3 $5 Bxe5 49. fxe5 $44) 48... Qd6 49. fxg6+ Qxg6+ (
49... Kxg6 $2 50. Nf4+ $18) 50. Kf3 Bxe5 51. Qxe5 Kf8 (51... Qd3+ 52. Kg2 Qg6+
53. Kf3 $11) ({The only way to continue the fight was} 51... Rd6 $5 {/\} 52.
Qf4+ Kg7 53. Qe5+ Kh7 $15 {but Black's K is probably too exposed to give him
realistic winning chances anyway. Vallejo allows repetition, I guess that due
to the ridiculous FIDE tempo both players were already half-dead by now.}) 52.
Qh8+ Kf7 53. Qe5 Kf8 54. Qh8+ Kf7 55. Qe5 1/2-1/2

[Event "Bundesliga 0102"]
[Site "Germany"]
[Date "2002.04.27"]
[Round "14.1"]
[White "Doettling, Fabian"]
[Black "Van Mil, Johan"]
[Result "1-0"]
[WhiteElo "2518"]
[BlackElo "2416"]
[Annotator "Stohl,I"]
[PlyCount "83"]
[EventDate "2001.10.06"]
[EventType "team-tourn"]
[EventRounds "15"]
[EventCountry "GER"]
[SourceTitle "CBM 089"]
[Source "ChessBase"]
[SourceDate "2002.08.12"]
[SourceVersion "1"]
[SourceVersionDate "2002.08.12"]
[SourceQuality "1"]
[WhiteTeam "Castrop Rauxel"]
[BlackTeam "Heiligenhaus"]
[WhiteTeamCountry "GER"]
[BlackTeamCountry "GER"]

1. d4 g6 2. e4 Bg7 3. c4 Nc6 4. Nf3 d6 5. h3 {A rare move, the more usual ways
to handle this line are} (5. d5 Ne5 6. Nxe5 Bxe5 7. Bd3 $14 {or}) (5. Be2 Bg4
6. Be3 Bxf3 7. Bxf3 e5 8. d5 Nd4 9. Bxd4 exd4 10. Na3 $5 $14 {In both cases
White has an edge.}) 5... e5 (5... Nf6 6. Nc3 {-E90 leads to King's Indian
positions.}) 6. d5 Nd4 ({A playable alternative is} 6... Nce7 7. Be2 (7. Nc3 f5
8. exf5 gxf5 9. Be2 Nf6 10. Bg5 O-O 11. Qd2 Bd7 12. O-O-O a6 13. Bh6 Bxh6 14.
Qxh6 Ng6 15. g4 Kh8 16. gxf5 Bxf5 17. Rhg1 Ng8 18. Qe3 Nf4 19. Ng5 Nf6 20. h4
Qe8 21. Bf1 {1/2,Ilic,Z-Drechsler,C/Lenk/1991/} Qh5 $36) (7. g4 $5 $13) 7... h6
8. g4 c5 9. Nc3 g5 10. h4 f6 11. hxg5 fxg5 12. Nd2 Ng6 13. Nf1 Nf4 14. Ng3 Nf6
15. Nf5 Bxf5 16. exf5 Qe7 17. Qc2 e4 18. Be3 O-O-O 19. O-O-O Rde8 $13 {
Moldovan,G-Bartha,A/Miercurea Ciuc/1998/}) 7. Nxd4 $5 $146 {[%mdl 40] A new
idea, White doesn't mind Black getting a [+]o^ and decides to play "around" it.
An interesting strategical concept.} (7. Be3 Nxf3+ 8. Qxf3 Ne7 (8... f5 9. exf5
gxf5 10. Nc3 (10. Qh5+ Kf8 11. Nc3 Nf6 12. Qh4 Qe7 13. Bh6 Rg8 14. Bxg7+ Rxg7
15. Qh6 f4 16. Bd3 e4 17. Bc2 Qe5 18. O-O-O Bf5 19. g4 Bg6 {Kalcheim,
G-Tseitlin,M/ISR-chT/2002/} 20. Rhe1 $16) 10... Nf6 11. g4 O-O $6 (11... fxg4
$142 $13) 12. gxf5 e4 13. Qf4 Nh5 14. Qg4 Rxf5 15. Rg1 Qe7 16. Be2 Bd7 17. Bg5
Nf6 18. Qh4 Rf8 19. Bg4 Rxg5 20. Qxg5 h6 21. Qh4 Bxg4 22. Rxg4 e3 23. f3 Re8
24. Rg6 Nxd5 25. Qxe7 Nxe7 26. Re6 $16 {Knaak,R-Zaja,I/Jyvaskyla/1994/}) (8...
Nf6 9. Nc3 O-O 10. O-O-O a6 11. g4 Bd7 12. Kb1 Qe7 13. Be2 Rfb8 14. Rdg1 b5 15.
cxb5 axb5 16. h4 b4 17. Nd1 c6 18. Bg5 cxd5 19. exd5 e4 20. Qg3 Bb5 21. Bxb5
Rxb5 $17 {Erhan,R-Ionescu Brandis,I/ROM-chW/1994/}) 9. g4 O-O 10. Rg1 f5 11.
gxf5 gxf5 12. Qg2 Rf7 13. Bg5 Qf8 14. Nd2 Ng6 15. Be2 Nf4 16. Qg3 Kh8 17. Bf1
fxe4 18. Nxe4 Bf5 19. Qe3 b5 20. O-O-O bxc4 21. Bxc4 Rb8 $40 {Ortega,R-Liebert,
H/Polanica Zdroj/1967/}) 7... exd4 8. Bd3 Ne7 {Here the N will be misplaced
and to get it to a decent square Black will have to weaken his >>.} (8... Nf6
$142 $5 9. O-O O-O 10. Nd2 Nd7 $132) 9. Nd2 c5 (9... O-O 10. Nf3 f5 11. O-O $14
) 10. Nf3 h6 (10... f5 {leads to the position from the previous note, but
nevertheless seems less passive.}) 11. Bd2 g5 (11... O-O 12. b4 (12. Qc1 Kh7
13. h4 f5 14. h5 g5 $13) 12... b6 13. O-O $14) 12. b4 b6 13. bxc5 bxc5 (13...
dxc5 14. e5 $16 {[+]}) 14. Rb1 $36 O-O 15. O-O Ng6 16. Ne1 $1 Qe7 $6 (16... f5
17. exf5 Bxf5 18. Bxf5 (18. Qc2 Qd7 19. f4 $5 $36) 18... Rxf5 19. Nd3 $14 {/+/-
}) ({More logical was} 16... Ne5 $142 17. f4 gxf4 18. Bxf4 Ba6 19. Nf3 $14) 17.
Rb3 Be5 {Black prevents a possible f4, but the B doesn't belong on this square.
} 18. Qh5 Bg7 ({Consistent, but insufficient was} 18... Kg7 19. g3 Qd7 20. Kh2
(20. f4 Qxh3 21. Qxh3 Bxh3 22. fxe5 Bxf1 23. Bxf1 Nxe5 $13) 20... Nh4 21. Rh1
$1 {[%cal Rd3e2,Re2g4] /\Be2-g4+/-}) 19. Nf3 Qf6 (19... Nf4 20. Bxf4 gxf4 21.
Re1 $16 {[%csl Rf4][%cal Ye4e5] ><f4,/\e5}) 20. g3 $16 {Prevents Nf4 for ever.
White controls the only open file and will gradually prepare f4, Black has no
active <=>.} Re8 (20... Bxh3 $6 {loses a P to} 21. Bxg5 $1 hxg5 22. Nxg5 Rfb8
23. Nxh3 $16) 21. Kg2 (21. Bc2 $142 $5) 21... Qd8 22. Re1 $6 (22. Ra3 $1 $36)
22... Qd7 $1 {Suddenly Black has tactical chances.} 23. Ra3 {[%cal Rd3c2,Rc2a4]
/\Bc2-a4} (23. Kh2 Qa4 $13 {/\Ba6<=>} (23... Nh4 24. Ng1 $16)) 23... Ne5 $2 (
23... Nh4+ $1 24. Nxh4 (24. gxh4 Qxh3+ 25. Kg1 Bg4 26. Bf1 Qxf3 $1 $15) 24...
Qxh3+ 25. Kg1 Bg4 (25... gxh4 26. Qxh4 Qxh4 27. gxh4 $14 {/+/-}) 26. Bf1 Qxf1+
27. Kxf1 Bxh5 28. Nf5 Bf8 $13) 24. Nxe5 Rxe5 25. Bc2 Rb8 (25... Qe7 26. Qd1 Qd7
27. Rh1 {[%cal Rf2f4] /\f4+/-}) 26. Rb3 Rxb3 27. axb3 $16 {White has further
improved his P-structure, for the second time in the game he plans a b4 break.}
Qe7 {[%cal Rg5g4] /\g4} 28. Qd1 Qd7 29. Rh1 Re8 (29... Qe7 30. Qb1 $5 $16 {
/\b4,f4} (30. b4 f5 $132)) 30. b4 Qc7 (30... cxb4 $6 31. Ba4 Qe7 32. Bxe8 Qxe4+
33. Qf3 Qxe8 34. Bxb4 $16 {/+-}) 31. bxc5 Qxc5 (31... dxc5 32. f4 gxf4 33. gxf4
$16) 32. Bd3 {[%csl Ra7,Rd4,Rd6] ><a7,d6,d4} Bd7 (32... Qa3 $5 33. Bc1 Qc3 $16)
33. Qb3 a5 $6 (33... Ra8 34. Qb7 (34. f4 $5 gxf4 35. gxf4 a5 36. Qb7 $16) 34...
Qc8 35. Qxc8+ Bxc8 36. Ra1 $16 (36. h4 g4 37. Bf4 $16)) 34. Qb7 Rd8 (34... Bc8
35. Qb5 Qxb5 36. cxb5 $18 {[%csl Ra5,Gb5] o^b,><a5}) 35. Ra1 $18 a4 (35... Bc8
36. Qb5 $18 (36. Qb3 $18)) 36. Bb4 Qc8 37. Qxc8 Rxc8 (37... Bxc8 38. Rxa4 $18)
38. Bxd6 {[%csl Gc4,Gd5,Ge4] [+]} Bf8 39. Bxf8 Kxf8 40. e5 Rd8 (40... Re8 41.
f4 $18) 41. Kf3 Re8 42. Ke4 1-0

[Event "Moscow Aeroflot op-A"]
[Site "Moscow"]
[Date "2006.02.15"]
[Round "8"]
[White "Volkov, Sergey"]
[Black "Savchenko, Boris"]
[Result "1-0"]
[WhiteElo "2629"]
[BlackElo "2569"]
[Annotator "Stohl,I"]
[PlyCount "73"]
[EventDate "2006.02.08"]
[EventType "swiss"]
[EventRounds "9"]
[EventCountry "RUS"]
[SourceTitle "CBM 112"]
[Source "ChessBase"]
[SourceDate "2006.06.07"]
[SourceVersion "1"]
[SourceVersionDate "2006.06.07"]
[SourceQuality "1"]

1. d4 Nc6 {Savchenko is a talented and original player, but in his quest to
achieve lively positions he sometimes goes too far. Especially with Black this
can be extremely dangerous:} (1... b5 2. e4 Bb7 3. Bd3 f5 4. Qe2 Nf6 5. Nd2 c5
6. dxc5 Na6 7. Ngf3 fxe4 8. Nxe4 Bxe4 9. Bxe4 Nxe4 10. Qxe4 Nxc5 11. Qh4 e6 12.
Qh5+ g6 13. Qe5 Rg8 14. O-O a6 15. Bg5 Qb6 16. Rad1 Bg7 17. Bf6 Bxf6 18. Qxf6
Rf8 19. Qh4 Qd8 20. Qxh7 Qf6 21. Qh6 Rc8 22. c3 $16 {Kharitonov,A-Savchenko,B/
RUS-ch U20 Cheboksary/2006/}) 2. d5 Ne5 3. e4 e6 4. dxe6 {White is content
with a small advantage. More ambitious is} (4. f4 Ng6 {, but even here the
most reasonable choice is probably} 5. dxe6 dxe6 (5... fxe6 6. Nf3 Bc5 7. Nc3
$36) 6. Qxd8+ Kxd8 7. Nf3 $14 {[%csl Ge4,Gf4] ()[+]}) 4... fxe6 ({Safer is} 
4... dxe6 $142 {, but even here Black has some problems coordinating his
forces, especially finding the best way to reconnect his R.} 5. Qxd8+ Kxd8 6.
f4 (6. Nc3 Bc5 7. Be2 Ne7 8. Nf3 N7g6 9. Nxe5 Nxe5 10. Bf4 f6 11. Bg3 Bd7 12.
O-O-O Ke7 13. f4 Nf7 14. Bc4 {Pribyl,J-Dobrovolsky,L/Stary Smokovec/1982/} Bb4
$5 $14) 6... Nc6 (6... Ng6 7. Nf3 $14 {-4.f4}) 7. Nf3 Nf6 8. Bd3 Bc5 9. c3 a5
10. Ke2 e5 11. fxe5 Ng4 12. Bg5+ Ke8 13. Bf4 Nf2 14. Rf1 Nxd3 15. Kxd3 Be6 16.
Nbd2 h6 17. Be3 $14 {/~~} Bxe3 $2 18. Kxe3 a4 19. b4 axb3 20. axb3 Ke7 21. b4
b6 22. b5 Na5 23. Nd4 $16 {Miles,A-Mestrovic,Z/Lone Pine/1978/}) 5. Nc3 (5. f4
$5 {()} Nf7 (5... Ng6 $5) 6. Nf3 Nf6 7. e5 Nd5 8. a3 b6 9. Bd3 Bb7 10. Qe2 a5
11. c4 Ne7 12. Nc3 Nf5 13. Bd2 Bc5 14. O-O-O O-O 15. Ne4 Nd4 16. Nxd4 Bxd4 17.
Qh5 g6 18. Qh3 Bxe4 19. Bxe4 Rb8 20. Qd3 c5 21. Bxg6 $40 {Kuijf,H-Zagema,W/
NED-chT/1993/}) 5... b6 (5... Ng6 6. Nf3 Bc5 7. h4 Qf6 8. Bg5 Qf7 9. Qd2 d6 10.
h5 N6e7 11. Na4 Bb6 12. Bb5+ $16 {Veingold,A-Manninen,M/FIN-chT/2000/}) (5...
Nf6 $2 6. f4 Ng6 7. e5 Ng8 8. Nf3 Bc5 9. Bd3 N8e7 10. Ng5 O-O 11. Qh5 h6 12.
Bxg6 Nxg6 13. Nge4 Nh4 14. Nxc5 Nxg2+ 15. Ke2 Nxf4+ 16. Bxf4 Rxf4 17. Raf1 $18
{Vokac,M-Turner,J/Pribram rpd/1995/}) 6. Nf3 (6. Bf4 Ng6 7. Bg3 Bb7 8. h4 h5 $6
9. Be2 Bb4 10. Bxh5 Bxe4 11. Qg4 Bxc3+ 12. bxc3 Kf7 13. Nf3 Rxh5 14. Qxh5 Nf6
15. Ng5+ Kg8 16. Qe2 Bxg2 17. Rh2 Bc6 18. Nxe6 $16 {Burmakin,V-Ulko,J/Moscow/
1995/}) (6. f4 $36) 6... Nxf3+ (6... Nf7 7. Bc4 Bb7 8. Qe2 a6 9. Bb3 Nf6 10. e5
Ng4 11. Bf4 Bc5 12. O-O-O $1 {[%cal Rb3e6] /\Be6} Qe7 13. Nd4 Ngh6 14. Ne4 O-O
15. h4 a5 16. c3 a4 17. Bc2 a3 18. b3 Bxd4 19. Rxd4 Nf5 20. Qd3 Rad8 21. g4 d6
22. gxf5 exf5 23. Ng3 Nxe5 24. Bxe5 Bxh1 {Crouch,C-Karpatchev,A/Cappelle la
Grande op/1993/} 25. Nxf5 $1 $18 {/\} Qxe5 26. Nh6+ gxh6 27. Qxh7#) 7. Qxf3 Bb7
(7... Qf6 $5 8. Qg3 Bd6 9. f4 Bb4 10. Bd2 Ne7 11. Bd3 Bb7 12. a3 Bxc3 13. Bxc3
Qf7 14. O-O-O O-O-O {Hille,R-Gross,G/BL2W 0102/2002/} 15. Rhf1 $16 {[%csl Gc3,
Gd3,Ge4,Gf4] [+]^^}) 8. Qh5+ $5 $146 {[%csl Re8] Black's main problem is his
vulnerable >> and Volkov's move highlights this. Moreover, it's not easy to
get the black K into safety.} (8. Qg3 Nf6 9. Bd3 $16 {Spacek,P-Gross,G/Trier/
1997/}) 8... g6 9. Qe5 {[%csl Rf6,Rg7] ׻} Nf6 $8 (9... Qf6 10. Qxc7 $18) 10.
Bb5 {[%cal Re5e6] /\Qe6} (10. Bg5 Bg7 11. Qg3 Nh5 $132) 10... c6 (10... a6 11.
Bg5 $16 (11. Bxd7+ $5 Qxd7 12. Bg5 $36)) 11. Be2 Qe7 {[%cal Yd7d6] /\d6} (11...
Be7 12. Bh6 $40) (11... Bg7 $5 12. Qd6 c5 $16) 12. Qg3 {[%cal Re4e5,Rc1g5] /
\e5,Bg5|^} e5 (12... d6 $142 13. e5 (13. Bg5 e5 $14) 13... dxe5 14. Qxe5 Bg7
$14) 13. f4 $1 exf4 (13... d6 14. O-O $16 {is unpleasant, but opening the
position is even more dangerous.}) 14. Bxf4 Nxe4 15. Nxe4 Qxe4 16. O-O-O $32 {
[%cal Rh1e1] /\Rhe1->} O-O-O (16... Be7 17. Rhe1 O-O 18. Bh6 Rf7 (18... Bh4 19.
Qb3+ d5 20. g3 $18) 19. Ba6 Qxe1 20. Rxe1 Bxa6 21. h4 $16 {->}) 17. Bg4 $40 {
[%mdl 128] Black's K is under heavy pressure and Volkov energetically winds up
his attack.} h5 18. Bb8 $5 (18. Rhe1 Qxf4+ (18... Qa4 $2 19. Bxd7+ $1 Rxd7 20.
Re8+ $18) 19. Qxf4 Bh6 20. Bxd7+ Rxd7 21. Re8+ Rxe8 22. Qxh6 Rxd1+ 23. Kxd1
Rd8+ 24. Ke2 Rd6 $16 {simplifies the position and gives Black more chances to
plod on.}) 18... Bh6+ 19. Kb1 Bf4 $8 20. Bxf4 hxg4 21. Rhe1 (21. Bb8 d6 22.
Rxd6 $40) 21... Qf5 22. Bb8 $1 {A nice echo to move 18.} d6 23. Bxa7 $18 {
[%cal Ra7b6,Rd1d6] /\Bb6,Rd6} Qa5 24. Qxg4+ Rd7 (24... Qf5 25. Qd4 {/\} b5 $6
26. Bb6 $18) 25. Qd4 (25. Re7 Qf5 26. Qd4 Rf8 27. Rxd7 Qxd7 28. Bxb6 $18 {
is also good, but White for the time being wants to keep more pieces on the
board.}) 25... Qh5 26. Bxb6 Qxh2 27. Qe4 {[%cal Re4e8,Re4g6] /\Qg6,Qe8!} Kb8
28. Qxg6 Bc8 29. Bg1 Qh6 30. Qe4 c5 31. g4 Qh1 32. Qf4 Qh6 33. g5 Qh4 34. Be3
Kc7 (34... Qxf4 35. Bxf4 Kc7 36. Re6 $18) 35. g6 Bb7 $2 (35... Qxf4 $142 36.
Bxf4 $18) 36. g7 Qxf4 37. gxh8=Q 1-0

[Event "Volgograd"]
[Site "Volgograd"]
[Date "1994.??.??"]
[Round "2"]
[White "Tregubov, Pavel V"]
[Black "Savon, Vladimir A"]
[Result "1-0"]
[WhiteElo "2495"]
[BlackElo "2435"]
[Annotator "Stohl,I"]
[PlyCount "53"]
[EventDate "1994.??.??"]
[EventType "tourn"]
[EventRounds "13"]
[EventCountry "NED"]
[EventCategory "8"]
[SourceTitle "CBM 041"]
[Source "ChessBase"]
[SourceDate "1994.08.01"]
[SourceVersion "1"]
[SourceVersionDate "1994.08.01"]
[SourceQuality "1"]

1. d4 e6 2. c4 Bb4+ 3. Bd2 (3. Nd2 d5 4. Qa4+ Nc6 5. e3 Nf6 6. Ngf3 O-O 7. Be2
Ne4 8. O-O f5 9. Nxe4 fxe4 10. Ne5 Nxe5 11. dxe5 a5 12. a3 Bc5 13. b4 Bd7 14.
Qc2 axb4 15. cxd5 Qe7 16. Bc4 bxa3 17. Qxe4 Ra4 18. Qd3 exd5 19. Bxd5+ Kh8 20.
Bxb7 c6 21. e6 Bxe6 22. Bxc6 Rh4 $44 {/\Bc4,Bjornsson,B-Arnason,T/Reykjavik op/
1994/}) 3... Qe7 4. e4 $5 (4. Nf3 f5 (4... Nf6 {-E12}) 5. g3 Nf6 6. Bg2 Bxd2+
7. Qxd2 Ne4 8. Qc2 d6 9. Nc3 Nxc3 10. Qxc3 Nc6 11. O-O e5 12. d5 Nd8 13. c5 O-O
14. Rac1 b6 15. cxd6 cxd6 16. Qa3 Nf7 17. Nd2 Bb7 18. e4 f4 19. Rc3 Rfc8 20.
Nc4 $14 {Fernandez,E-De la Villa,JM/ESP-ch/1991/}) 4... d5 (4... Nc6 5. Nf3 d5
6. e5 Bxd2+ 7. Qxd2 dxc4 8. Bxc4 Qb4 9. Bb3 Nge7 10. O-O Qxd2 11. Nbxd2 Bd7 12.
Rfd1 Nb4 13. a3 Nbd5 14. Nc4 Bb5 15. Rac1 Bxc4 16. Bxc4 h6 17. Kf1 O-O-O 18.
Bd3 Rd7 19. Be4 Rhd8 20. Rd2 Kb8 $15 {Umanskaya,I-Ibragimov,I/Komotini GP/1993/
}) (4... Nf6 5. e5 (5. Bd3 $5) 5... Ne4 6. Nf3 b6 7. Bd3 Bb7 8. Bxe4 Bxe4 9.
Nc3 Bxc3 10. Bxc3 d5 11. exd6 cxd6 12. O-O O-O 13. Re1 Bb7 14. d5 e5 15. Nd2
Nd7 16. f4 Rac8 17. a4 f5 18. Qf3 Qf6 19. a5 b5 20. a6 Ba8 21. b3 Qh6 $13 {
Garcia Palermo,C-Hernendez/Bayamo/1983/}) 5. e5 Bxd2+ (5... Nc6 6. Nf3 Bxd2+ 7.
Qxd2 (7. Nbxd2 $5 $14) 7... dxc4 8. Nc3 (8. Bxc4 Qb4 $10) 8... Nh6 9. d5 Nxe5
$5 10. Nxe5 exd5 11. Qe2 Be6 12. O-O-O c6 13. Nf3 O-O 14. Nd4 Rae8 15. g3 b5
16. Nxe6 fxe6 17. f4 e5 18. fxe5 Nf7 19. e6 Qxe6 20. Qxe6 Rxe6 $13 {Timman,
J-Spraggett,K/Montpellier ct/1985/}) 6. Nxd2 dxc4 (6... c5 7. Ngf3 Nc6 (7...
cxd4 8. cxd5 exd5 9. Bb5+ $16) 8. cxd5 exd5 9. Bb5 $36) 7. Bxc4 Bd7 8. Qg4 $1
$36 g6 (8... f5 $5 9. Qg3 (9. exf6 Nxf6 10. Qg3 $14) 9... Nc6 10. Ne2 $36) 9.
Ne2 Bc6 10. Nc3 (10. O-O $142 $14) 10... Nh6 (10... Nd7 11. Nde4 $14) 11. Qh3 (
11. Qf4 g5 $5 $132) 11... Nf5 12. O-O $5 Nxd4 $5 (12... Nd7 13. d5 exd5 14.
Nxd5 $36) 13. Nde4 Nd7 14. Rfd1 Nf5 15. Nb5 $1 Bxe4 $2 (15... O-O $2 16. Rxd7
$1 $18) (15... Bxb5 $8 16. Bxb5 O-O-O $13 {/\} (16... c6 17. Qc3 $5 Kf8 $13 (
17... cxb5 $2 18. Rxd7 $1 $16)) 17. g4 Qh4 $1 18. Qg2 Nxe5 $1) 16. Nxc7+ Kf8
17. Nxa8 Kg7 18. Bb5 (18. Nc7 $2 Rc8) 18... Nc5 (18... Nxe5 $1 19. Qc3 f6 (
19... Qf6 20. Nc7 {/\Ne8}) 20. Nc7 Rc8 21. Rac1 {/\Ne6} Nc6 (21... Nd6 $2 22.
Rxd6 Qxd6 23. Nxe6+ $18) 22. f3 $5 $14 (22. Re1 Rxc7 23. Rxe4 Nd6 24. Rb4 $1 $8
)) 19. b4 $1 Na6 (19... Rxa8 $142 $5 20. bxc5 Qxc5 21. Bd3 Bxd3 22. Qxd3 Qxe5
23. Rac1 $36) 20. Rd7 Qxb4 21. Bxa6 Rxa8 (21... bxa6 22. Nc7 $40) 22. Bf1 Qb2
23. Re1 Bc6 (23... Qxe5 $2 24. Bd3 $18) 24. Rxf7+ $1 Kxf7 25. Qxh7+ Ng7 (25...
Kf8 $5 26. Qh8+ Kf7 27. Qxa8 Qxa2 $16) 26. Bd3 $18 Rg8 $6 (26... Rf8 27. Bxg6+
$18) (26... Qd2 27. Bxg6+ Ke7 28. Qxg7+ Kd8 29. Rf1 $18) 27. Qxg6+ (27. Qxg6+
Ke7 28. Qf6+ Ke8 (28... Kd7 29. Qf7+) 29. Bg6+ {/\Qf7}) 1-0